000 00434nam a2200169Ia 4500
005 20250508150754.0
008 008 250505s9999 xx 000 0 hin d
037 _aTextual
040 _aFEDL
_beng
_cFEDL
041 _ahin
_2eng
084 _a891.452, PRA
_qFEDL
100 _aPrasad Jai Sankar
_9398468
245 0 _aDhruv swamini
300 _a64p.
942 _cTEXL
_h891.452, PRA
999 _c1325578
_d1325578